00685nam a2200145 a 4500008004100000050002000041110002600061245008000087260003900167300001400206650003900220995013200259995013100391999001700522220712s1996 ||||||||||||||||| || u aCBU(05)C/1996/3 aCopperbelt University10aCBU Courier : Issue No.3 September, 1996cBy The Copperbelt University(CBU) aKitwebCopperbelt Universityc1996 a11 pages  aCOPPERBELT UNIVERSITY--PERIODICALS aSPECIAL COLLECTIONSe4922FCBU-MAIN LIBRARY (Kitwe)jCBU(05)C/1996/3BM2UAVAILABLEWJul 12, 2022yB4922ZUniversity Collection aSPECIAL COLLECTIONSe492FCBU-MAIN LIBRARY (Kitwe)jCBU(05)C/1996/3AM1UAVAILABLEWJul 12, 2022yB4921ZUniversity Collection c79216d79216